| 000 | 00353 a2200133 4500 | ||
|---|---|---|---|
| 005 | 20250629150157.0 | ||
| 082 | _a132 COM. | ||
| 111 | _aCOMPTON'S ENCLOPEDIA. | ||
| 245 | _aCompton's | ||
| 250 | _a1991th Ed. | ||
| 260 |
_aNew York, _bLibrary Of Congress Cataloging-In- Publication Data _c1991. |
||
| 300 |
_a750p.; Ill,; picture _c25cm. |
||
| 942 |
_2ddc _cBKS |
||
| 999 |
_c6417 _d6417 |
||